Statystyki dla Mercedes W124 Warianty

Kliknij tutaj aby rozwiązać quiz!

Ogólne statystyki

  • Ten quiz został rozwiązany 9 razy
    (6 od ostatniego zresetowania)
  • Średni wynik to 17 z 48

Statystyki odpowiedzi

Odpowiedź% Poprawnych
200 D / 200D
80%
200 E / 200E
80%
200
80%
200 CE / 200CE
60%
200 T / 200T
60%
200 TD / 200TD
60%
250 D / 250D
60%
280 E / 280E
60%
300 CE / 300CE
60%
300 E / 300E
60%
300 TD / 300TD
60%
400 E / 400E
60%
500 E / 500E
60%
E 200 / E200
60%
E 500 / E500
60%
200 TE / 200TE
40%
220 E / 220E
40%
230 CE / 230CE
40%
230 E / 230E
40%
250 TD / 250TD
40%
300 CE-24 / 300CE-24
40%
300 D / 300D
40%
E 220 / E220
40%
200 E-16 / 200E-16
20%
220 CE / 220CE
20%
220 TE / 220TE
20%
230 TE / 230TE
20%
250 D TURBO / 250D TURBO
20%
260 E / 260E
20%
300 E-24 / 300E-24
20%
300 TE-24 / 300TE-24
20%
300 TE / 300TE
20%
320 CE / 320CE
20%
320 E / 320E
20%
320 TE / 320TE
20%
BRABUS
20%
E 200 DIESEL / E200 DIESEL
20%
E 250 DIESEL / E250 DIESEL
20%
E 250 TURBODIESEL / E250 TURBODIESEL
20%
E 280 / E280
20%
E 300 DIESEL / E300 DIESEL
20%
E 300 TURBODIESEL / E300 TURBODIESEL
20%
E 320 / E320
20%
E 420 / E420
20%
E 60 AMG / E60 AMG
20%
300 D TURBO / 300D TURBO
0%
300 TD TURBO / 300TD TURBO
0%
E 36 AMG / E36 AMG
0%

Rozkład punktacji

Percentyl według liczby udzielonych odpowiedzi

Procent ludzi z każdym wynikiem

Twoja historia wyników

Nie rozwiązałeś tego quizu od ostatniego zresetowania